00311 2200133 4500001002100000005001500021035002000036245003600056300000800092260004500100082000800145084001200153990001200165INLIS00000000000239220250528115705 a0010-0525000684 aBhaga Vadgita /cNyoman Spendit a324 aJakarta :bGramedia Pustaka Utama,c2002 a813 a813 BHA a0713413